Normal view MARC view

Entry Personal Name

Number of records used in: 1

001 - CONTROL NUMBER

  • control field: 874405

003 - CONTROL NUMBER IDENTIFIER

  • control field: OSt

005 - DATE AND TIME OF LATEST TRANSACTION

  • control field: 20260114185803.0

008 - FIXED-LENGTH DATA ELEMENTS

  • fixed length control field: 260114|| aca||aabn | a|a d

040 ## - CATALOGING SOURCE

  • Original cataloging agency: OSt
  • Transcribing agency: OSt

100 ## - HEADING--PERSONAL NAME

  • Personal name: Francesco Iacono

670 ## - SOURCE DATA FOUND

  • Source citation: Work cat.: (OSt)1473339: Francesco Iacono, The Archaeology of Late Bronze Age Interaction and Mobility at the Gates of Europe People, Things and Networks around the Southern Adriatic Sea, 2018
Copyright @ Delhi University Library System